[Event "International Tournament"]
[Site "Thivon"]
[Date "2016.08.26"]
[Round "2.11"]
[White "Kouskoutis, Georgios-Alexandro"]
[Black "Tsomis, Dimitrios"]
[Result "1-0"]
[BlackElo "1970"]
[WhiteElo "2241"]
[LiveChessVersion "1.4.8"]

1. e4 {[%clk 1:30:55]} c5 {[%clk 1:30:43]} 2. Nf3 {[%clk 1:31:15]} d6
{[%clk 1:30:52]} 3. Bb5+ {[%clk 1:31:18]} Bd7 {[%clk 1:31:05]} 4. Bxd7+
{[%clk 1:31:32]} Qxd7 {[%clk 1:31:25]} 5. c4 {[%clk 1:31:53]} Nc6
{[%clk 1:31:22]} 6. O-O {[%clk 1:31:02]} g6 {[%clk 1:31:18]} 7. d4
{[%clk 1:31:12]} cxd4 {[%clk 1:31:32]} 8. Nxd4 {[%clk 1:31:37]} Bg7
{[%clk 1:31:48]} 9. Be3 {[%clk 1:31:48]} Nf6 {[%clk 1:31:16]} 10. f3
{[%clk 1:32:10]} O-O {[%clk 1:31:14]} 11. Nc3 {[%clk 1:32:18]} Rac8
{[%clk 1:29:35]} 12. b3 {[%clk 1:32:22]} Nxd4 {[%clk 1:21:51]} 13. Bxd4
{[%clk 1:32:40]} b6 {[%clk 1:22:01]} 14. Qd2 {[%clk 1:29:00]} Qb7
{[%clk 1:21:11]} 15. Qb2 {[%clk 1:25:59]} Ne8 {[%clk 1:15:37]} 16. Bxg7
{[%clk 1:22:47]} Nxg7 {[%clk 1:15:16]} 17. Nd5 {[%clk 1:22:45]} Ne8
{[%clk 1:14:14]} 18. Rad1 {[%clk 1:16:49]} e6 {[%clk 1:07:43]} 19. Nf6+
{[%clk 1:14:05]} Nxf6 {[%clk 1:08:01]} 20. Qxf6 {[%clk 1:14:32]} b5
{[%clk 1:03:30]} 21. cxb5 {[%clk 1:05:53]} Qxb5 {[%clk 1:02:40]} 22. Qd4
{[%clk 0:47:20]} Rc2 {[%clk 0:57:57]} 23. Rf2 {[%clk 0:44:34]} Rfc8
{[%clk 0:52:14]} 24. h3 {[%clk 0:38:56]} Rxf2 25. Qxf2 {[%clk 0:38:31]} Qa6
{[%clk 0:50:00]} 26. f4 {[%clk 0:33:54]} Qb7 {[%clk 0:44:49]} 27. Qe3
{[%clk 0:31:11]} Rc6 {[%clk 0:41:41]} 28. Kh2 {[%clk 0:28:17]} Qc7
{[%clk 0:41:11]} 29. f5 {[%clk 0:24:45]} Rc3 {[%clk 0:29:52]} 30. Qf4
{[%clk 0:19:07]} exf5 {[%clk 0:20:27]} 31. exf5 {[%clk 0:18:32]} gxf5
{[%clk 0:18:53]} 32. Qg5+ {[%clk 0:14:10]} Kf8 {[%clk 0:18:40]} 33. Qf6
{[%clk 0:10:55]} d5+ {[%clk 0:17:57]} 34. Kh1 {[%clk 0:10:28]} Qg3
{[%clk 0:18:00]} 35. Qxf5 {[%clk 0:07:16]} d4 {[%clk 0:16:24]} 36. Qxh7
{[%clk 0:06:37]} Qe5 {[%clk 0:14:43]} 37. Qh4 {[%clk 0:01:34]} Re3
{[%clk 0:13:38]} 38. Rf1 {[%clk 0:01:16]} Kg8 {[%clk 0:12:30]} 39. Qg4+
{[%clk 0:00:57]} Kf8 {[%clk 0:12:07]} 40. Qc8+ {[%clk 0:16:01]} Kg7
{[%clk 0:27:29]} 41. Qd7 {[%clk 0:16:14]} Kh6 {[%clk 0:25:28]} 42. Qxf7
{[%clk 0:08:22]} Re1 {[%clk 0:25:05]} 43. Kg1 {[%clk 0:02:40]} Qe3+
{[%clk 0:23:02]} 44. Qf2 {[%clk 0:03:01]} Rxf1+ {[%clk 0:20:02]} 45. Kxf1
{[%clk 0:03:29]} Qc3 {[%clk 0:20:13]} 46. Qf4+ {[%clk 0:02:50]} Kg6
{[%clk 0:20:00]} 47. Qe4+ {[%clk 0:02:03]} Kh6 {[%clk 0:19:37]} 48. Ke2
{[%clk 0:01:35]} Qb2+ {[%clk 0:19:27]} 49. Kf3 {[%clk 0:01:15]} Qc3+
{[%clk 0:19:34]} 50. Kf4 {[%clk 0:00:51]} d3 {[%clk 0:16:05]} 51. Ke3
{[%clk 0:00:51]} d2+ {[%clk 0:13:42]} 52. Ke2 {[%clk 0:01:17]} Kg7
{[%clk 0:11:08]} 53. Qe7+ {[%clk 0:01:30]} Kg6 {[%clk 0:08:03]} 54. Qd6+
{[%clk 0:01:54]} Kf7 {[%clk 0:07:56]} 55. Qxd2 {[%clk 0:02:04]} Qe5+
{[%clk 0:07:53]} 56. Kf3 {[%clk 0:01:06]} Qh5+ {[%clk 0:06:53]} 57. Kg3
{[%clk 0:01:22]} Qc5 {[%clk 0:07:07]} 58. Qf2+ {[%clk 0:01:41]} 1-0

[Event "International Tournament"]
[Site "Thivon"]
[Date "2016.08.26"]
[Round "2.12"]
[White "Ornithopoulos, Nikolaos"]
[Black "Papadopoulos, Nikolaos"]
[Result "1-0"]
[BlackElo "2234"]
[WhiteElo "1967"]
[LiveChessVersion "1.4.8"]

1. d4 {[%clk 1:30:30]} f5 {[%clk 1:28:54]} 2. Nc3 {[%clk 1:28:17]} Nf6
{[%clk 1:25:55]} 3. Bg5 {[%clk 1:28:08]} d5 {[%clk 1:18:54]} 4. Bxf6
{[%clk 1:23:12]} exf6 {[%clk 1:19:10]} 5. e3 {[%clk 1:22:41]} c6 {[%clk 1:17:01]}
6. Bd3 {[%clk 1:19:51]} Bd6 {[%clk 1:16:57]} 7. Qf3 {[%clk 1:14:49]} g6
{[%clk 1:16:15]} 8. h4 {[%clk 1:14:10]} h5 {[%clk 1:13:31]} 9. Nge2
{[%clk 1:14:09]} Be6 {[%clk 1:13:01]} 10. Nf4 {[%clk 1:11:58]} Bf7
{[%clk 1:13:07]} 11. g3 {[%clk 1:05:26]} Nd7 {[%clk 1:13:05]} 12. O-O-O
{[%clk 1:01:52]} Qe7 {[%clk 1:10:09]} 13. Kb1 {[%clk 0:57:14]} Nb6
{[%clk 1:04:08]} 14. Rde1 {[%clk 0:57:09]} O-O-O {[%clk 1:01:06]} 15. Rc1
{[%clk 0:55:11]} Kb8 {[%clk 1:01:03]} 16. Qe2 Rhe8 {[%clk 0:59:11]} 17. Qf3
{[%clk 0:52:23]} a6 {[%clk 0:55:54]} 18. Ka1 {[%clk 0:49:45]} Bc7
{[%clk 0:52:11]} 19. Nb1 {[%clk 0:47:13]} c5 {[%clk 0:42:01]} 20. c3
{[%clk 0:42:53]} c4 {[%clk 0:34:58]} 21. Bc2 {[%clk 0:43:16]} Qd7
{[%clk 0:35:17]} 22. Nd2 {[%clk 0:42:14]} Qc6 {[%clk 0:33:27]} 23. Rhe1
{[%clk 0:40:17]} Nc8 {[%clk 0:31:56]} 24. Qg2 {[%clk 0:33:56]} Re7
{[%clk 0:23:13]} 25. Nh3 {[%clk 0:31:15]} Rde8 {[%clk 0:22:48]} 26. Qf3
{[%clk 0:31:20]} Nd6 {[%clk 0:22:18]} 27. Nf4 {[%clk 0:30:15]} Ne4
{[%clk 0:21:21]} 28. Nxe4 {[%clk 0:30:15]} fxe4 {[%clk 0:21:38]} 29. Qe2
{[%clk 0:27:40]} Rh8 {[%clk 0:21:28]} 30. Rh1 {[%clk 0:27:39]} Qd7
{[%clk 0:20:24]} 31. Rcg1 {[%clk 0:20:35]} Ree8 {[%clk 0:13:49]} 32. Bd1
{[%clk 0:19:14]} Rh6 {[%clk 0:13:48]} 33. Qc2 {[%clk 0:17:24]} Reh8
{[%clk 0:12:30]} 34. Be2 {[%clk 0:16:12]} g5 {[%clk 0:10:39]} 35. Ng2
{[%clk 0:16:19]} Bg6 {[%clk 0:09:07]} 36. Qd1 {[%clk 0:16:13]} R8h7
{[%clk 0:08:14]} 37. Rh2 {[%clk 0:16:31]} a5 {[%clk 0:02:31]} 38. Rgh1
{[%clk 0:16:29]} g4 {[%clk 0:00:57]} 39. Nf4 {[%clk 0:16:12]} Be8
{[%clk 0:00:59]} 40. Qd2 {[%clk 0:14:16]} f5 {[%clk 0:15:44]} 41. Rb1
{[%clk 0:29:05]} Ka7 {[%clk 0:12:27]} 42. Rhh1 {[%clk 0:28:50]} b5
{[%clk 0:11:52]} 43. b3 {[%clk 0:26:46]} Rb6 {[%clk 0:10:18]} 44. bxc4
{[%clk 0:24:32]} dxc4 {[%clk 0:08:18]} 45. a4 {[%clk 0:19:01]} Bxf4
{[%clk 0:02:44]} 46. gxf4 {[%clk 0:18:57]} Qd5 {[%clk 0:02:15]} 47. axb5
{[%clk 0:18:39]} Rxb5 {[%clk 0:02:06]} 48. Qa2 {[%clk 0:17:49]} Rc7
{[%clk 0:01:27]} 49. Rxb5 {[%clk 0:17:53]} Qxb5 {[%clk 0:00:47]} 50. Rb1
{[%clk 0:16:11]} Qa4 {[%clk 0:00:58]} 51. Bd1 {[%clk 0:15:57]} Qxa2+
{[%clk 0:01:17]} 52. Kxa2 {[%clk 0:16:21]} Bc6 {[%clk 0:00:58]} 53. Ka3
{[%clk 0:16:10]} Rg7 54. Be2 {[%clk 0:15:25]} g3 {[%clk 0:00:39]} 55. Rg1
{[%clk 0:14:15]} Rb7 {[%clk 0:01:07]} 56. Bxc4 {[%clk 0:13:41]} gxf2
{[%clk 0:01:36]} 57. Rf1 {[%clk 0:13:59]} Rg7 {[%clk 0:01:58]} 58. Rxf2
{[%clk 0:13:37]} Rg3 {[%clk 0:02:16]} 59. Re2 {[%clk 0:13:16]} Bd7
{[%clk 0:02:19]} 60. Bf7 {[%clk 0:12:57]} Rh3 {[%clk 0:01:57]} 61. Bxh5 Be6
{[%clk 0:01:34]} 62. Re1 {[%clk 0:07:43]} Rxh4 {[%clk 0:01:37]} 63. Bd1
{[%clk 0:08:01]} Kb6 {[%clk 0:00:41]} 64. Bb3 {[%clk 0:07:41]} Bd7
{[%clk 0:00:38]} 65. c4 {[%clk 0:07:55]} Rh2 {[%clk 0:00:21]} 66. c5+
{[%clk 0:07:47]} Kc7 {[%clk 0:01:19]} 67. d5 {[%clk 0:07:07]} Bb5
{[%clk 0:01:36]} 68. Rc1 {[%clk 0:05:48]} Rd2 {[%clk 0:01:26]} 69. Rc3
{[%clk 0:06:08]} Rd3 {[%clk 0:00:50]} 70. Rxd3 {[%clk 0:04:23]} exd3
{[%clk 0:01:19]} 71. Kb2 {[%clk 0:04:31]} a4 {[%clk 0:01:30]} 72. Ba2
{[%clk 0:04:17]} Kd7 {[%clk 0:01:39]} 73. Kc3 {[%clk 0:04:10]} a3
{[%clk 0:01:16]} 74. Kd2 {[%clk 0:03:40]} Ba6 {[%clk 0:01:28]} 75. e4
{[%clk 0:03:51]} fxe4 {[%clk 0:01:49]} 76. f5 {[%clk 0:04:17]} Ke7
{[%clk 0:01:06]} 77. d6+ {[%clk 0:04:14]} Kf6 {[%clk 0:00:39]} 78. c6
{[%clk 0:04:22]} Bb5 {[%clk 0:01:00]} 79. d7 {[%clk 0:04:16]} 1-0

[Event "International Tournament"]
[Site "Thivon"]
[Date "2016.08.27"]
[Round "3.1"]
[White "Grigoriadis, Mihail"]
[Black "Nikolaidis, Ioannis"]
[Result "0-1"]
[BlackElo "2558"]
[WhiteElo "2107"]
[LiveChessVersion "1.4.8"]

1. e4 {[%clk 1:30:21]} c6 {[%clk 1:30:08]} 2. d3 {[%clk 1:30:44]} d5
{[%clk 1:30:27]} 3. Qe2 {[%clk 1:31:08]} g6 {[%clk 1:27:15]} 4. Nc3
{[%clk 1:23:08]} Bg7 {[%clk 1:26:42]} 5. Bd2 {[%clk 1:23:27]} d4 {[%clk 1:22:41]}
6. Nd1 {[%clk 1:23:37]} e5 {[%clk 1:21:24]} 7. g3 {[%clk 1:21:43]} Ne7
{[%clk 1:19:48]} 8. f4 {[%clk 1:02:40]} O-O {[%clk 1:09:03]} 9. Nf3
{[%clk 0:59:10]} exf4 {[%clk 1:01:44]} 10. gxf4 {[%clk 0:56:28]} Na6
{[%clk 0:59:38]} 11. h4 {[%clk 0:47:06]} Bg4 {[%clk 0:54:53]} 12. Qg2
{[%clk 0:41:44]} h5 {[%clk 0:45:57]} 13. Be2 {[%clk 0:38:22]} f5 {[%clk 0:41:54]}
14. Ng5 {[%clk 0:28:35]} Qd7 {[%clk 0:39:36]} 15. O-O {[%clk 0:24:46]} Bf6
{[%clk 0:30:27]} 16. Bxg4 {[%clk 0:20:31]} fxg4 {[%clk 0:24:59]} 17. Nf2
{[%clk 0:19:48]} Nc5 {[%clk 0:19:07]} 18. Nh1 {[%clk 0:18:56]} Ne6
{[%clk 0:18:51]} 19. Ng3 {[%clk 0:16:27]} Ng7 {[%clk 0:18:19]} 20. Bb4
{[%clk 0:09:08]} b6 {[%clk 0:17:48]} 21. Bxe7 {[%clk 0:09:10]} Bxe7
{[%clk 0:14:30]} 22. e5 {[%clk 0:08:44]} Nf5 {[%clk 0:13:07]} 23. Nxf5 Rxf5
{[%clk 0:12:46]} 24. Ne4 {[%clk 0:07:40]} Raf8 {[%clk 0:09:48]} 25. Qh2
{[%clk 0:02:48]} Qd8 {[%clk 0:08:58]} 26. Ng3 {[%clk 0:01:22]} Rxf4
{[%clk 0:06:17]} 27. Rxf4 {[%clk 0:01:30]} Rxf4 {[%clk 0:06:42]} 28. Nxh5
{[%clk 0:00:56]} Rf3 {[%clk 0:06:46]} 29. Ng3 {[%clk 0:01:02]} Bxh4
{[%clk 0:06:27]} 30. Ne4 {[%clk 0:01:27]} Bg5 {[%clk 0:06:26]} 31. Rf1
{[%clk 0:00:40]} Be3+ {[%clk 0:04:38]} 32. Kg2 {[%clk 0:01:03]} Rh3
{[%clk 0:04:36]} 33. Nf6+ {[%clk 0:01:03]} Kg7 {[%clk 0:04:43]} 34. Qxh3
{[%clk 0:00:46]} gxh3+ {[%clk 0:05:07]} 35. Kxh3 {[%clk 0:01:09]} Bg5
{[%clk 0:04:55]} 0-1

[Event "International Tournament"]
[Site "Thivon"]
[Date "2016.08.27"]
[Round "3.2"]
[White "Kotronias, Vasilios"]
[Black "Loutragotis, Dimitrios"]
[Result "0-1"]
[BlackElo "2157"]
[WhiteElo "2541"]
[LiveChessVersion "1.4.8"]

1. e4 {[%clk 1:30:53]} c5 {[%clk 1:30:42]} 2. Nf3 {[%clk 1:31:15]} d6
{[%clk 1:30:37]} 3. c3 {[%clk 1:31:41]} Nf6 {[%clk 1:29:56]} 4. h3
{[%clk 1:32:05]} Nc6 {[%clk 1:27:33]} 5. Bd3 {[%clk 1:32:29]} g6 {[%clk 1:25:09]}
6. Bc2 {[%clk 1:32:54]} Bg7 {[%clk 1:25:03]} 7. d4 {[%clk 1:31:52]} cxd4
{[%clk 1:23:57]} 8. cxd4 {[%clk 1:32:19]} d5 {[%clk 1:21:35]} 9. e5
{[%clk 1:32:46]} Ne4 {[%clk 1:20:08]} 10. O-O {[%clk 1:33:11]} O-O
{[%clk 1:15:52]} 11. Nc3 {[%clk 1:33:37]} Bf5 {[%clk 1:12:14]} 12. Re1
{[%clk 1:34:02]} Nxc3 {[%clk 1:07:16]} 13. bxc3 {[%clk 1:34:29]} Bxc2
{[%clk 1:06:51]} 14. Qxc2 {[%clk 1:34:57]} Rc8 {[%clk 0:56:11]} 15. h4
{[%clk 1:23:01]} Qd7 {[%clk 0:28:39]} 16. h5 {[%clk 1:23:25]} Nd8
{[%clk 0:28:16]} 17. hxg6 {[%clk 1:17:04]} fxg6 {[%clk 0:28:19]} 18. Qd3
{[%clk 1:12:36]} Qg4 {[%clk 0:25:30]} 19. Nh2 {[%clk 1:09:09]} Qh4
{[%clk 0:20:37]} 20. Rf1 {[%clk 1:02:13]} Ne6 {[%clk 0:19:55]} 21. Bd2
{[%clk 0:57:20]} Bh6 {[%clk 0:19:04]} 22. g3 {[%clk 0:56:44]} Qh3
{[%clk 0:19:01]} 23. Bxh6 {[%clk 0:57:00]} Qxh6 {[%clk 0:19:24]} 24. f4
{[%clk 0:57:22]} Qh3 {[%clk 0:15:33]} 25. Rf3 {[%clk 0:56:09]} Qf5
{[%clk 0:15:23]} 26. Qe2 {[%clk 0:37:07]} g5 {[%clk 0:12:29]} 27. fxg5
{[%clk 0:34:42]} Qxg5 {[%clk 0:12:31]} 28. Raf1 {[%clk 0:23:10]} a6
{[%clk 0:09:07]} 29. Kh1 {[%clk 0:22:50]} Qg6 {[%clk 0:08:19]} 30. Qg2
{[%clk 0:21:39]} Rxf3 {[%clk 0:05:58]} 31. Qxf3 {[%clk 0:22:04]} Rd8
{[%clk 0:04:01]} 32. Kg2 {[%clk 0:09:02]} Kg7 {[%clk 0:04:13]} 33. Qg4
{[%clk 0:08:45]} Rc8 {[%clk 0:04:02]} 34. Qh4 {[%clk 0:08:30]} Qg5
{[%clk 0:01:37]} 35. Qh3 {[%clk 0:05:33]} Qg6 {[%clk 0:01:19]} 36. Rf3
{[%clk 0:03:26]} Rxc3 {[%clk 0:01:17]} 37. Qh4 {[%clk 0:03:39]} Rxf3
{[%clk 0:01:16]} 38. Nxf3 {[%clk 0:04:04]} Kf7 {[%clk 0:01:06]} 39. a3
{[%clk 0:01:15]} b5 {[%clk 0:01:11]} 40. Kf2 {[%clk 0:16:02]} a5 {[%clk 0:16:17]}
41. Ke3 {[%clk 0:14:22]} b4 {[%clk 0:15:09]} 42. axb4 {[%clk 0:14:47]} axb4
{[%clk 0:15:35]} 43. Nd2 {[%clk 0:12:43]} Qg5+ {[%clk 0:11:23]} 44. Qxg5
{[%clk 0:12:16]} Nxg5 {[%clk 0:11:47]} 45. g4 {[%clk 0:11:45]} Ne4
{[%clk 0:10:16]} 46. Nb3 {[%clk 0:11:58]} Ke6 {[%clk 0:08:06]} 47. Kf4
{[%clk 0:06:15]} Kd7 {[%clk 0:08:08]} 48. g5 {[%clk 0:05:34]} e6 {[%clk 0:07:25]}
49. Kg4 {[%clk 0:05:46]} Kc6 {[%clk 0:07:43]} 50. Kh5 {[%clk 0:06:08]} Kb5
{[%clk 0:07:58]} 51. Kh6 {[%clk 0:01:46]} Kc4 {[%clk 0:08:24]} 52. Na5+
{[%clk 0:01:17]} Kxd4 {[%clk 0:06:57]} 53. Kxh7 {[%clk 0:01:32]} Nxg5+
{[%clk 0:07:22]} 54. Kg6 {[%clk 0:01:59]} Ne4 {[%clk 0:07:25]} 55. Kf7
{[%clk 0:01:33]} Nc5 {[%clk 0:07:25]} 56. Ke7 {[%clk 0:01:14]} b3
{[%clk 0:07:32]} 57. Nxb3+ {[%clk 0:01:32]} Nxb3 {[%clk 0:07:57]} 58. Kxe6
{[%clk 0:01:59]} Ke4 {[%clk 0:08:09]} 0-1

[Event "International Tournament"]
[Site "Thivon"]
[Date "2016.08.27"]
[Round "3.3"]
[White "Pavlidis, Anastasios"]
[Black "Grigoriadis, Alexandros"]
[Result "0-1"]
[BlackElo "2147"]
[WhiteElo "2377"]
[LiveChessVersion "1.4.8"]

1. d4 {[%clk 1:30:55]} g6 {[%clk 1:28:50]} 2. e4 {[%clk 1:31:02]} Bg7
{[%clk 1:29:15]} 3. Nc3 {[%clk 1:30:54]} c5 {[%clk 1:27:43]} 4. dxc5
{[%clk 1:26:17]} Qa5 {[%clk 1:20:01]} 5. Bd2 {[%clk 1:26:00]} Qxc5
{[%clk 1:19:56]} 6. Nd5 {[%clk 1:24:49]} Bxb2 {[%clk 1:10:51]} 7. Bb4
{[%clk 1:09:51]} Qd4 {[%clk 1:06:53]} 8. Rb1 {[%clk 1:06:01]} Qxe4+
{[%clk 0:58:23]} 9. Ne2 {[%clk 0:57:39]} Nf6 {[%clk 0:55:03]} 10. Nc7+
{[%clk 0:51:21]} Kd8 {[%clk 0:54:28]} 11. Ba5 {[%clk 0:47:36]} Bc3+
{[%clk 0:54:24]} 12. Bxc3 {[%clk 0:47:56]} Kxc7 {[%clk 0:54:47]} 13. f3
{[%clk 0:48:07]} Qc4 {[%clk 0:35:57]} 14. Be5+ {[%clk 0:44:25]} Kd8
{[%clk 0:30:41]} 15. Nd4 {[%clk 0:42:54]} Qd5 {[%clk 0:21:12]} 16. Rb5
{[%clk 0:41:59]} Qxa2 {[%clk 0:20:46]} 17. Be2 {[%clk 0:33:42]} Nc6
{[%clk 0:18:10]} 18. Bxf6 {[%clk 0:32:16]} exf6 {[%clk 0:18:13]} 19. Nb3
{[%clk 0:32:32]} Qb2 {[%clk 0:16:53]} 20. O-O {[%clk 0:31:57]} Re8
{[%clk 0:17:05]} 21. f4 {[%clk 0:26:11]} b6 {[%clk 0:12:56]} 22. Rd5
{[%clk 0:22:23]} Ke7 {[%clk 0:11:12]} 23. Nd2 {[%clk 0:14:40]} Kf8
{[%clk 0:09:51]} 24. Nc4 {[%clk 0:14:53]} Qa2 {[%clk 0:08:44]} 25. Rf3
{[%clk 0:11:28]} Rxe2 {[%clk 0:05:35]} 26. Qxe2 {[%clk 0:11:09]} Ba6
{[%clk 0:05:55]} 27. Rxd7 {[%clk 0:09:23]} Bxc4 {[%clk 0:05:14]} 28. Qd1
{[%clk 0:09:17]} Re8 {[%clk 0:05:03]} 29. h4 {[%clk 0:07:17]} Qa5
{[%clk 0:03:36]} 30. Qd6+ {[%clk 0:07:39]} Kg7 {[%clk 0:04:02]} 31. h5
{[%clk 0:06:45]} Qxh5 {[%clk 0:03:31]} 32. Rh3 {[%clk 0:06:40]} Re1+
{[%clk 0:03:30]} 33. Kh2 {[%clk 0:07:05]} Qf5 {[%clk 0:03:24]} 34. Rc7
{[%clk 0:06:14]} Ne5 {[%clk 0:03:10]} 35. fxe5 {[%clk 0:05:32]} Qf4+
{[%clk 0:03:35]} 36. Rg3 {[%clk 0:05:55]} Rxe5 {[%clk 0:03:52]} 37. Rd7
{[%clk 0:05:13]} Be6 {[%clk 0:03:38]} 38. Rd8 {[%clk 0:05:03]} Rh5+
{[%clk 0:02:47]} 39. Kg1 {[%clk 0:05:21]} Qxd6 {[%clk 0:02:41]} 40. Rxd6
{[%clk 0:20:45]} Rc5 {[%clk 0:17:50]} 41. Ra3 {[%clk 0:21:09]} Rc7
{[%clk 0:16:54]} 42. Ra1 {[%clk 0:20:22]} h5 {[%clk 0:16:46]} 43. Rd8
{[%clk 0:20:45]} f5 {[%clk 0:16:51]} 44. c3 {[%clk 0:18:56]} Kf6 {[%clk 0:14:58]}
45. Ra8 {[%clk 0:19:15]} Rxc3 {[%clk 0:14:18]} 46. R8xa7 {[%clk 0:18:48]} b5
{[%clk 0:14:25]} 47. Rb7 {[%clk 0:19:01]} Bc4 {[%clk 0:14:40]} 48. Rd1
{[%clk 0:17:37]} Rc2 {[%clk 0:13:38]} 49. Kh2 {[%clk 0:15:02]} Kg5
{[%clk 0:13:54]} 50. Rc7 {[%clk 0:13:51]} Rb2 {[%clk 0:13:46]} 51. Rc5
{[%clk 0:13:21]} Be2 {[%clk 0:13:05]} 52. Rdc1 {[%clk 0:13:44]} Bd3
{[%clk 0:13:24]} 53. Re1 {[%clk 0:13:37]} Kg4 {[%clk 0:12:41]} 54. Rc3
{[%clk 0:09:55]} Be4 {[%clk 0:12:01]} 55. Rg3+ {[%clk 0:10:18]} Kf4
{[%clk 0:12:15]} 56. Kh3 {[%clk 0:10:42]} b4 {[%clk 0:11:58]} 57. Kh4
{[%clk 0:10:48]} Rf2 {[%clk 0:09:31]} 58. Rf3+ {[%clk 0:06:24]} Rxf3
{[%clk 0:08:56]} 59. gxf3 {[%clk 0:06:43]} g5+ {[%clk 0:08:42]} 0-1

[Event "International Tournament"]
[Site "Thivon"]
[Date "2016.08.27"]
[Round "3.4"]
[White "Pandelidis, Ioannis"]
[Black "Kourkoulos-Arditis, Stamatis"]
[Result "0-1"]
[BlackElo "2369"]
[WhiteElo "2098"]
[LiveChessVersion "1.4.8"]

1. e4 {[%clk 1:30:48]} Nf6 {[%clk 1:30:56]} 2. e5 {[%clk 1:30:40]} Nd5
{[%clk 1:31:22]} 3. d4 {[%clk 1:29:33]} d6 {[%clk 1:31:48]} 4. Nf3
{[%clk 1:28:29]} dxe5 {[%clk 1:32:09]} 5. Nxe5 {[%clk 1:28:39]} c6
{[%clk 1:32:34]} 6. Be2 {[%clk 1:26:46]} g6 {[%clk 1:32:55]} 7. O-O
{[%clk 1:25:50]} Bg7 {[%clk 1:33:19]} 8. Nf3 {[%clk 1:16:50]} Bf5
{[%clk 1:31:17]} 9. a3 {[%clk 1:13:55]} b5 {[%clk 1:27:07]} 10. c3
{[%clk 1:10:13]} Nd7 {[%clk 1:21:59]} 11. a4 {[%clk 1:05:57]} a6 {[%clk 1:19:39]}
12. Nbd2 {[%clk 1:03:44]} O-O {[%clk 1:15:09]} 13. Nh4 {[%clk 1:02:55]} Be6
{[%clk 1:14:35]} 14. Ne4 {[%clk 1:01:46]} N5b6 {[%clk 1:11:05]} 15. axb5
{[%clk 0:51:17]} axb5 {[%clk 1:11:26]} 16. Rxa8 {[%clk 0:51:19]} Qxa8
{[%clk 1:11:41]} 17. f4 {[%clk 0:50:29]} Bd5 {[%clk 1:08:56]} 18. Bd3
{[%clk 0:47:39]} e6 {[%clk 0:49:16]} 19. Nf3 {[%clk 0:37:50]} f6 {[%clk 0:48:59]}
20. h4 {[%clk 0:29:36]} Nc4 {[%clk 0:35:25]} 21. h5 {[%clk 0:28:58]} f5
{[%clk 0:30:22]} 22. Nf2 {[%clk 0:21:54]} c5 {[%clk 0:29:40]} 23. b3
{[%clk 0:15:44]} Nd6 {[%clk 0:28:02]} 24. Ne5 {[%clk 0:12:00]} Nxe5
{[%clk 0:26:00]} 25. dxe5 {[%clk 0:12:15]} Nf7 {[%clk 0:25:42]} 26. hxg6
{[%clk 0:09:58]} hxg6 {[%clk 0:26:00]} 27. Bxb5 {[%clk 0:08:22]} Bxg2
{[%clk 0:25:53]} 28. Re1 {[%clk 0:08:46]} Rd8 {[%clk 0:19:39]} 29. Qe2
{[%clk 0:08:13]} Bd5 {[%clk 0:18:53]} 30. Bc4 {[%clk 0:08:11]} Bxc4
{[%clk 0:17:56]} 31. Qxc4 {[%clk 0:07:56]} Rd5 {[%clk 0:12:47]} 32. Qb5
{[%clk 0:04:53]} Qc8 {[%clk 0:07:44]} 33. Rd1 {[%clk 0:03:26]} Rxd1+
{[%clk 0:07:27]} 34. Nxd1 {[%clk 0:03:55]} g5 {[%clk 0:07:51]} 35. fxg5
{[%clk 0:03:14]} Nxe5 {[%clk 0:08:06]} 36. Bf4 {[%clk 0:01:56]} Qd8
{[%clk 0:06:26]} 37. Nf2 {[%clk 0:01:29]} Nf3+ {[%clk 0:04:51]} 38. Kg2
{[%clk 0:00:45]} Nh4+ {[%clk 0:02:54]} 39. Kf1 {[%clk 0:00:33]} Qe7
{[%clk 0:00:53]} 40. Qb8+ {[%clk 0:15:35]} Kh7 {[%clk 0:15:35]} 41. Qd6
{[%clk 0:10:50]} Qb7 {[%clk 0:12:05]} 42. Bd2 {[%clk 0:05:39]} Qxb3
{[%clk 0:06:27]} 43. Qxc5 {[%clk 0:04:36]} Nf3 {[%clk 0:06:45]} 44. Qd6
{[%clk 0:03:10]} Nxd2+ {[%clk 0:03:41]} 45. Qxd2 {[%clk 0:03:39]} Qxc3
{[%clk 0:03:59]} 46. Qe2 {[%clk 0:03:21]} Qc1+ {[%clk 0:04:18]} 47. Nd1
{[%clk 0:03:20]} Qf4+ {[%clk 0:04:20]} 48. Nf2 {[%clk 0:03:12]} Qc1+
{[%clk 0:03:11]} 49. Nd1 {[%clk 0:03:41]} Qc6 {[%clk 0:02:57]} 50. Qh5+
{[%clk 0:02:04]} Kg8 {[%clk 0:03:23]} 51. Nf2 {[%clk 0:02:21]} e5
{[%clk 0:02:55]} 52. g6 {[%clk 0:01:57]} Qc1+ {[%clk 0:02:22]} 53. Ke2
{[%clk 0:01:56]} Qf4 {[%clk 0:01:54]} 54. Nh3 {[%clk 0:01:54]} Qe4+
{[%clk 0:01:36]} 55. Kf1 {[%clk 0:01:53]} f4 {[%clk 0:01:22]} 56. Qg4
{[%clk 0:01:17]} Qc4+ {[%clk 0:01:03]} 57. Kg2 {[%clk 0:01:04]} Qc6+
{[%clk 0:01:19]} 58. Kf1 {[%clk 0:01:17]} Qc1+ {[%clk 0:00:48]} 59. Kg2
{[%clk 0:01:34]} Qc6+ {[%clk 0:01:15]} 60. Kf1 {[%clk 0:01:57]} Bf6
{[%clk 0:01:26]} 61. Qh5 {[%clk 0:00:54]} Qd7 {[%clk 0:01:27]} 62. Nf2
{[%clk 0:00:50]} Qb5+ {[%clk 0:00:54]} 63. Kg2 {[%clk 0:00:57]} Qd5+
{[%clk 0:01:07]} 64. Kf1 {[%clk 0:01:17]} f3 {[%clk 0:00:46]} 65. Qg4
{[%clk 0:00:35]} Kg7 {[%clk 0:00:48]} 66. Kg1 {[%clk 0:00:33]} Qc6
{[%clk 0:00:35]} 67. Kh2 {[%clk 0:00:34]} Qd6 {[%clk 0:00:32]} 68. Kg1
{[%clk 0:00:42]} e4 {[%clk 0:00:38]} 69. Qxe4 {[%clk 0:00:49]} Qg3+
{[%clk 0:01:03]} 70. Kf1 {[%clk 0:00:46]} Qg2+ {[%clk 0:01:30]} 71. Ke1
{[%clk 0:01:10]} Qg1+ {[%clk 0:01:55]} 72. Kd2 {[%clk 0:01:50]} Qxf2+
{[%clk 0:02:15]} 73. Kd3 {[%clk 0:02:07]} Qf1+ {[%clk 0:02:29]} 74. Kc2
{[%clk 0:02:22]} Qg2+ {[%clk 0:02:37]} 75. Kd1 {[%clk 0:02:30]} Qg1+
{[%clk 0:02:38]} 76. Kd2 {[%clk 0:02:14]} Bg5+ {[%clk 0:03:05]} 77. Kc3
{[%clk 0:02:16]} Qe3+ {[%clk 0:03:23]} 0-1